|
|
|
|
| LEADER |
00981nam a2200241 a 4500 |
| 001 |
c000386243 |
| 003 |
CARM |
| 005 |
00000000000000.0 |
| 008 |
s1968 caua b 10000 eng d |
| 019 |
1 |
|
|a 4703406
|5 LACONCORD2021
|
| 035 |
|
|
|a (OCoLC)220040161
|5 LACONCORD2021
|
| 040 |
|
|
|a VDU
|c VDU
|
| 082 |
0 |
4 |
|a 770.0285
|2 20
|
| 245 |
0 |
0 |
|a Image information recovery :
|b proceedings SPIE seminar-in-depth.
|
| 260 |
|
|
|a Redondo Beach, Calif. :
|b Society of Photo-optical Instrumental Engineers,
|c 1968.
|
| 300 |
|
|
|a viii, 162 p. :
|b ill. ;
|c 30 cm.
|
| 490 |
0 |
|
|a S.P.I.E. seminar proceedings ;
|v v. 16.
|
| 504 |
|
|
|a Includes bibliographies.
|
| 650 |
|
0 |
|a Image processing
|x Congresses.
|
| 710 |
2 |
|
|a Society of Photo-optical Instrumentation Engineers.
|
| 852 |
8 |
|
|b CARM
|h A3:AI19E0
|i F07828
|p 0480239
|f BK
|
| 999 |
f |
f |
|i 7654d10a-e485-5623-a52f-55dea6978872
|s 00e6b1e6-494f-5c7f-8eb6-9d4235c7c408
|
| 952 |
f |
f |
|p Can circulate
|a CAVAL
|b CAVAL
|c CAVAL
|d CARM 1 Store
|e F07828
|f A3:AI19E0
|h Other scheme
|i book
|m 0480239
|